| 000 | 00738nam a2200205Ia 4500 | ||
|---|---|---|---|
| 005 | 20241216011324.0 | ||
| 008 | 190429s9999||||xx |||||||||||||| ||und|| | ||
| 082 |
_a618.2 _bR68 |
||
| 100 | _aRIVERA VICUÑA NILTON ANGEL | ||
| 245 | 0 | _aEFECTIVIDAD DE LA ENSEÑANZA PREVIA EN LOS NIVELES DE ANSIEDAD QUE EXPERIMENTAN LAS PRIMIPARAS Y MULTIPARAS ATENDIDOS EN LOS SERVICIOS DE HOSPITALIZACION DEL HFMS TARMA OCT 2003-JUL 2004 | |
| 250 | _a0 | ||
| 260 |
_aCERRO DE PASCO-PERU _bUNDAC _c2005 |
||
| 300 |
_a64 pag. _c30 cm. |
||
| 341 | _h0 | ||
| 490 |
_v0 _a0 |
||
| 505 | _aMETODOLOGIA/RESULTADOS/DISCUSION/CONCLUSIONES/RECOMENDACIONE | ||
| 541 |
_aD _bRIVERA VICU;A, NILTON A. _d17-Aug-06 _oSoles |
||
| 650 | _aObstetricia | ||
| 942 | _cTESIS | ||
| 999 |
_c38729 _d38729 |
||